| 000 | 00346nam a22001337a 4500 | ||
|---|---|---|---|
| 005 | 20180119150316.0 | ||
| 008 | 180119b xxu||||| |||| 00| 0 eng d | ||
| 040 | _cPK-LaUMT | ||
| 082 |
_aPKAC 320.954912 _bAMA- |
||
| 245 |
_aAmal Payhem(عمل پیہم) _cSaraj ul Haq(Editor) |
||
| 260 |
_aپشاور: _b[ ] _c[ ] |
||
| 300 | _a106 | ||
| 942 | _cBK | ||
| 999 |
_c101901 _d101901 |
||